Adivinanzas en abundancia / (Registro nro. 13634)

Detalles MARC
000 -LIDER
fixed length control field 01133nam a22002177a 4500
003 - IDENTIFICACDOR DE NÚMERO DE CONTROL
control field DO-SdBNP
005 - DATE AND TIME OF LATEST TRANSACTION
control field 20210806121859.0
008 - ELEMENTOS DE LONGITUD FIJA
fixed length control field 210806b2016 dr |||| 00| 0 spa d
040 ## - FUENTE DE CATALOGACIÓN
Agencia que crea de manera original el registro BPMSU
Idioma de catalogación Spa.
Agencia que realiza la transcripción BPMSU
082 ## - NÚMERO DE CLASIFICACIÓN DECIMAL DE DEWEY
Classification number 398.6
Item number J61a 2016
Edition number 22
100 1# - ASIENTO PRINCIPAL -- NOMBRE PERSONAL
Nombre personal Jiménez, Adriana
245 10 - MENCIÓN DE TITULO
Título Adivinanzas en abundancia /
Mención de responsabilidad Adriana jiménez
260 ## - PUBLICACIÓN, DISTRIBUCIÓN, ETC. (PIE DE IMPRENTA)
Lugar de publicación, distribución, etc Santo Domingo,
Nombre del editor, distribuidor, etc. Editora Nacional,
Fecha de publicación, distribución, etc 2016.
300 ## - DESCRIPCIÓN FÍSICA
Extensión 99 p. ;
Dimensiones 23 cm.
500 ## - NOTA GENERAL
Nota general incluyes datos biogríficos de la autora en la solapa
520 ## - RESUMEN, ETC.
Nota de resumen, etc. Las adivinanzas son acertijos narrados en rimas para hacerlas más atractivas. Generalmente se refieren a frutas, vegetales, objetos y raramente a conceptos abstractos. Las adivinanzas son mini cuentos, pueden limitarse a la descripción de algo o la respuesta puede estar escondida en las combinaciones de palabras dentro de la misma adivinanza. Cualquier hora del día, cualquier día de la semana, se presta para sentarse a tratar de adivinar lo que se esconde las palabras. Helas aquí, en abundancia.
590 ## - NOTA LOCAL
Enlace Inventariado, 2021/VM
650 #4 - ENCABEZAMIENTO DE MATERIA--TEMÁTICO
Término temático o nombre geográfico como elemento de entrada Adivinanzas
910 ## - VALIDACIÓN
Validación Mcabrera/ VMateo V.
942 ## - ADDED ENTRY ELEMENTS (KOHA)
Source of classification or shelving scheme Dewey Decimal Classification
Koha item type Libros
Existencias
Withdrawn status Lost status Source of classification or shelving scheme Damaged status Not for loan Collection code Home library Current library Date acquired Source of acquisition Total Checkouts Full call number Barcode Date last seen Price effective from Koha item type Copy number
    Dewey Decimal Classification     Colección Dominicana Biblioteca Pública Metropolitana Salomé Ureña Biblioteca Pública Metropolitana Salomé Ureña 08/06/2021 Editora Nacional   BPMSU CD 398.6 J61a 2016 BPMSU21080029 08/06/2021 08/06/2021 Libros  
    Dewey Decimal Classification     Colección Dominicana Biblioteca Pública Metropolitana Salomé Ureña Biblioteca Pública Metropolitana Salomé Ureña 08/06/2021 Editora Nacional   BPMSU CD 398.6 J61a 2016 BPMSU21080030 08/06/2021 08/06/2021 Libros e.3
    Dewey Decimal Classification     Colección Dominicana Biblioteca Pública Metropolitana Salomé Ureña Biblioteca Pública Metropolitana Salomé Ureña 08/06/2021 Editora Nacional   BPMSU CD 398.6 J61a 2016 BPMSU23010001 01/31/2023 08/06/2021 Libros e.2